000 00605nam a2200193Ia 4500
003 GCL
005 20240530102949.0
008 140319s9999 xx 000 0 ara d
040 _aGCL /
_cGCL
082 0 4 _a760.117
_bم م
100 1 _aمحمد جلال عبدالرازق
245 1 0 _aمعرض مقتنيات متحف الجرافيك الدولى بالقاهرة 1992 /
_cمحمد جلال عبدالرازق
260 _a[S.N] :
_bوزارة الثقافة ،
_c1992
300 _a176 ص
650 0 4 _aالفن
650 0 4 _aالمتاحف
650 0 4 _aالجرافيك
942 _2ddc
_cBK
999 _c35727
_d35727